Score 0/9 Timer 02:00
1 Play Today
% Correct
Abraham Lincoln
98.5%
William Shakespeare
98%
Fidel Castro
95.5%
George Carlin
87.7%
Thelonious Monk
87.7%
Matt Groening
87.1%
Ringo Starr
82.9%
Kris Kristofferson
80.6%
George Lucas
70.9%
Remove Ads.
Support Sporcle.
Get the best of Sporcle when you Go Orange. This ad-free experience offers more features, more stats, and more fun while also helping to support Sporcle. Thank you for becoming a member.

You're not logged in!

Compare scores with friends on all Sporcle quizzes.
OR
Log In

Show Comments

Extras

Top Quizzes Today


Score Distribution

Your Account Isn't Verified!

In order to create a playlist on Sporcle, you need to verify the email address you used during registration. Go to your Sporcle Settings to finish the process.

Report this User

Report this user for behavior that violates our Community Guidelines.

Details: